[Event "19th Bangkok Open 2019"]
[Site "Bangkok"]
[Date "2019.04.12"]
[Round "7.11"]
[White "Susilodinata, Andrean"]
[Black "Pascua, Haridas"]
[Result "0-1"]
[WhiteElo "2314"]
[BlackElo "2426"]
[Annotator "TA"]
[PlyCount "206"]
[EventDate "2019.04.06"]
[EventType "swiss"]
[EventCountry "THA"]
[SourceTitle "playchess.com"]
[Source "ChessBase"]
[SourceQuality "1"]

{[%evp 14,206,35,17,25,27,53,18,17,-20,-34,-27,-25,-51,-60,-60,-52,-57,-60,-56,-58,-58,0,-37,-35,-32,-30,-17,85,85,80,85,81,82,81,68,60,62,66,72,118,37,116,53,57,31,87,78,92,91,105,95,94,74,102,96,108,102,102,105,109,108,109,14,109,0,102,92,92,97,114,99,99,0,110,112,108,88,92,89,123,87,89,89,85,0,114,0,104,88,95,87,83,89,89,59,91,91,103,104,103,87,84,87,116,43,93,52,81,0,0,0,0,0,0,-38,0,0,0,-26,-8,-8,0,-14,-16,-35,0,-27,16,16,17,0,0,0,0,0,0,-183,-182,-273,-25,-24,0,-262,-255,-512,-484,-450,-431,-383,-321,-503,-499,-782,-782,-775,-722,-652,-665,-775,-775,-743,-503,-4145,-4145,-12849,-4145,-4145,-4145,-4145,-4141,-4135,-4135,-4135,-4135,-29975,-29975,-29978,-29978,-29978,-29978,-29977,-29977,-29984,-29985,-29988,-29987,-29989,-29986,-29986,-29987,-29987,-29987,-29987,-29988]} 1. e4 c5 2. Nf3 Nc6 3. d4 cxd4 4. Nxd4 e6 5. Nc3 Qc7 6. g3 a6 7. Bg2 Nf6 8. O-O h5 {B47: Sicilian: Taimanov: 5 Nc3 Qc7 6 f4, 6 g3 and 6 Be2} (8... d6 9. Nxc6 bxc6 10. Na4 Rb8 11. c4 c5 12. b3 Be7 13. Bb2 O-O 14. Qe1 Nd7 15. Rd1 Bb7 16. Qc3 Bf6 17. Qd2 Be7 18. Qc3 {1-0 (40) Carlsen,M (2835)-Rapport,R (2731) Wijk aan Zee 2019}) 9. Bg5 Be7 10. Re1 Nxd4 {The position is equal.} 11. e5 $146 ({Predecessor:} 11. Qxd4 Bc5 12. Qd2 Ng4 13. Re2 h4 14. Bf4 e5 15. Nd5 Qd6 16. b4 Ba7 17. Qc3 Bd4 18. Qxd4 {1-0 (18) Berndtsson Kullberg,K-Larsson,A Gothenburg 1920}) 11... Nc6 $1 {[%cal Rc6e5]} 12. exf6 gxf6 13. Nd5 exd5 14. Bxf6 $1 Rh6 15. Bg5 Re6 16. Qxh5 Bxg5 17. Qxg5 Ne7 ({Black should try} 17... Qa5 $15 18. c3 d4) 18. Qh5 (18. Qg7 $5 {[%cal Rg7h8]} d6 19. h4 $11) 18... Kf8 19. Qh8+ Ng8 20. Bxd5 d6 (20... Rxe1+ $11 21. Rxe1 Qxc2) 21. Bxe6 $16 Bxe6 22. Rad1 Qxc2 23. Rxd6 Qf5 24. Red1 Qf6 25. Qh7 Re8 26. b3 $1 Qf5 {[#]} 27. Qh8 (27. Qxf5 $1 $16 Bxf5 28. Rd8) 27... Qf6 (27... f6 $1 $14) 28. Qh5 (28. Qxf6 $16 Nxf6 29. f3) 28... Kg7 $14 29. R1d4 Qf5 (29... Ne7 $14) 30. Qxf5 $16 Bxf5 {[#]} 31. f3 $1 Re1+ 32. Kf2 Rh1 33. Kg2 (33. g4 {is interesting.} Be6 34. Kg3 Rg1+ 35. Kf4 Rc1 36. h4) 33... Rc1 34. Rd2 Nf6 35. g4 Be6 36. h4 Rc5 37. h5 Rc3 38. Rb6 (38. Rd8 $16) 38... Rc7 (38... Nh7 $11 {keeps the balance.}) 39. Rbd6 Rc3 40. R6d3 Rc1 41. Kg3 Rc5 42. Rd4 Rc3 43. R4d3 Rc5 $1 44. Kh4 Rc1 45. Rd1 Rc2 46. R3d2 Rc8 47. Kg3 Rc3 {...Ne4+ is the strong threat.} 48. Rd3 Rc2 49. R1d2 Rc5 50. Rd4 Rc3 51. Kf2 Rc5 52. Rb4 Bd5 53. Rf4 {And now Rf5 would win.} Be6 54. Rd8 Nh7 55. Kg3 Rc1 56. Rb4 Rc3 57. Kf4 Nf6 58. Rbd4 Rc5 59. Ke3 (59. R4d6 $16) 59... Re5+ 60. Kd2 Ra5 61. Ke3 ({White should play} 61. Ra4 $16 Rxa4 62. bxa4) 61... Rxa2 $11 62. b4 a5 63. bxa5 Rxa5 64. Rb8 Bd5 65. Rf4 Nd7 66. Rd8 (66. Re8 {with more complications.} Be6 67. Rd4 Nf6 68. Rb8) 66... Be6 67. Kf2 Rc5 68. Rb4 b5 69. Kg3 Nf6 (69... Ne5 {is interesting.} 70. Rd6 Nc6 71. Rb1 b4 72. f4 Rc2) 70. Rf4 {Hoping for h6+!} (70. Rb1 {feels hotter.} Kh7 71. Re1 b4 72. Rb8 Rc4 73. Rb7) 70... Rc8 (70... Nd5 {keeps more tension.} 71. Rd4 Ne7 72. R4d6 Nc6 73. Ra8 Rc3) 71. Rxc8 Bxc8 72. Kh4 Be6 73. Rd4 Nd5 74. f4 {Black must now prevent f5.} Ne3 $1 75. Re4 $2 (75. Rb4 $11 {and White is okay.}) 75... Nxg4 $19 76. Rb4 (76. f5 {is a better defense.} Bxf5 77. Re7) 76... Bd7 $2 (76... Ne3 $19 {aiming for ...Kh6.} 77. Kg3 Bc4) 77. Rd4 $11 Be6 $2 (77... Bc8 $11) 78. Rb4 $19 Ne3 79. Kg3 $2 (79. Re4 {was forced.} Nf5+ 80. Kg5) 79... Bc4 80. Kf3 Nd5 81. Rb2 Nf6 82. Ke3 (82. Rg2+ $142 Kh6 83. Ke3) 82... Nxh5 83. Ke4 (83. Rh2 $142 Kg6 84. Rg2+ Kf6 85. Rg5) 83... Kf6 84. Rh2 Ng3+ 85. Kf3 Nf5 86. Rh8 b4 {[%cal Bb5b4,Bb4b3][%mdl 32]} 87. Ke4 Bb3 88. Rb8 (88. Kd3 $142 Ne7 89. Rb8) 88... Bc2+ 89. Kd5 Ne7+ (89... b3 $142 90. Kc4 Ne3+ 91. Kc3 Kf5) 90. Kc4 b3 91. Rb6+ Kf5 92. Rb7 f6 93. Kc3 Nd5+ 94. Kd2 Kxf4 {Black mates.} 95. Rd7 Ke4 96. Rd8 f5 97. Rb8 Kf3 98. Ke1 Ke3 99. Rb5 Nc3 100. Rb8 Na4 101. Re8+ Be4 102. Rb8 b2 103. Rb3+ Kf4 {Accuracy: White = 40%, Black = 52%.} 0-1

[Event "19th Bangkok Open 2019"]
[Site "Bangkok"]
[Date "2019.04.12"]
[Round "7.12"]
[White "Hng, Mei-En Emmanuelle"]
[Black "Villamayor, Buenaventura"]
[Result "0-1"]
[WhiteElo "2124"]
[BlackElo "2398"]
[Annotator "TA"]
[PlyCount "72"]
[EventDate "2019.04.06"]
[EventType "swiss"]
[EventCountry "THA"]
[SourceTitle "playchess.com"]
[Source "ChessBase"]
[SourceQuality "1"]

{[%evp 19,72,0,-7,-47,-66,-112,-108,-139,-119,-111,-115,-113,-111,-108,-60,-65,-69,-97,-60,-60,-60,-62,-67,-131,-122,-206,-198,-205,-193,-209,-200,-213,-210,-201,-208,-262,-246,-222,-185,-237,-245,-237,-224,-249,-236,-243,-243,-251,-250,-249,-240,-233,-241,-595,-574]} 1. Nf3 c5 2. c4 g6 3. Nc3 Bg7 4. g3 Nc6 5. Bg2 e6 6. O-O Nge7 7. d4 Nxd4 8. Nxd4 cxd4 9. Nb5 {A37: Symmetrical English vs ...g6: 4 Bg2 Bg7 5 Nf3} O-O (9... Nf5 10. Bf4 e5 11. e4 Ne7 12. Nd6+ Kf8 13. c5 exf4 14. Qb3 Nd5 15. exd5 Be5 16. Rfe1 Bxd6 17. cxd6 {1-0 (64) Predke,A (2587)-Paravyan,D (2528) Sochi 2016}) 10. Nxd4 d5 {LiveBook: 11 Games} 11. c5 {The position is equal.} Bd7 $146 ({Predecessor:} 11... Qa5 12. Nb3 Qa4 13. Bg5 Nc6 14. Qc2 h6 15. Bd2 Rd8 16. e3 e5 {½-½ (63) Luzhinsky,V (2231)-Shulga,J (2293) Alushta 2006}) 12. b4 {[#]} a5 $1 13. Ba3 axb4 14. Bxb4 Nc6 15. Bc3 Nxd4 16. Bxd4 e5 17. Bb2 Bc6 $36 {[%mdl 2048] Black has the initiative.} 18. Qb3 Ra5 19. a4 e4 20. Bxg7 Kxg7 21. Rfd1 (21. Qc3+ $15 Kg8 22. f3) 21... Qf6 $17 22. Qe3 (22. e3 $17) 22... Rfa8 $19 {[%cal Bf8a8,Ba8a4,Ba4c4][%mdl 32]} ({Resist} 22... Bxa4 23. Rf1 $17) 23. f3 Rxa4 24. Rxa4 Rxa4 25. fxe4 dxe4 26. h4 Rc4 27. h5 h6 28. hxg6 fxg6 29. Rf1 (29. Rc1 {was necessary.} Rxc1+ 30. Qxc1) 29... Qd4 30. Qxd4+ Rxd4 {[%mdl 4096] Endgame KRB-KRB} 31. Rc1 Rb4 32. Kf2 Kf6 33. Rd1 Rc4 34. Rd6+ Kf7 35. Ke3 Rxc5 36. Kd4 $2 {[#]} (36. Bh3 {is a better chance.}) 36... Rg5 {Precision: White = 34%, Black = 87%.} 0-1

[Event "19th Bangkok Open 2019"]
[Site "Bangkok"]
[Date "2019.04.13"]
[Round "8.1"]
[White "Gustafsson, Jan"]
[Black "Duong, The Anh"]
[Result "1-0"]
[WhiteElo "2633"]
[BlackElo "2302"]
[Annotator "TA"]
[PlyCount "49"]
[EventDate "2019.04.06"]
[EventType "swiss"]
[EventCountry "THA"]
[SourceTitle "playchess.com"]
[Source "ChessBase"]
[SourceQuality "1"]

{[%evp 13,49,74,54,51,61,42,38,47,245,172,279,295,256,102,225,227,237,148,121,135,272,283,341,337,319,307,464,374,360,359,568,493,564,554,604,579,925,723]} 1. c4 Nf6 2. Nc3 e6 3. e4 {[%cal Be2e4,Be4e5][%mdl 32]} d5 4. cxd5 exd5 5. e5 Nfd7 6. d4 c5 {A18: English Opening: Flohr-Mikenas System (1 c4 Nf6 2 Nc3 e6 3 e4)} 7. Nf3 Nc6 {LiveBook: 8 Games} 8. Bg5 Qa5 {White is slightly better.} 9. Be2 $146 ({Predecessor:} 9. Bb5 cxd4 10. Nxd4 Bb4 11. O-O Bxc3 12. bxc3 Nxd4 13. Bxd7+ Bxd7 14. cxd4 {½-½ (43) Georgiev,K (2625)-Petkov,V (2413) Plovdiv 2004}) 9... cxd4 10. Nxd4 {Threatens to win with Nb3.} Nc5 $2 {[#]} ({Black should play} 10... Bb4 $14 11. O-O Bxc3) 11. O-O Be6 (11... Nxd4 $142 12. Qxd4 Bd7) 12. Bb5 $18 Rc8 13. Nxe6 $2 (13. f4 $18 {aiming for f5.} h6 14. Bh4) 13... fxe6 (13... Nxe6 $16 14. Qxd5 Bb4) 14. Qh5+ g6 15. Qg4 h5 16. Qf4 {[#] Hoping for b4.} Nd7 (16... Qc7 $16 {was called for.}) 17. Nxd5 Qxb5 18. Nf6+ Nxf6 19. Qxf6 Rh7 (19... Rg8 $142) 20. Qxe6+ Ne7 21. Bxe7 $1 Rxe7 (21... Qc4 $142 22. Qxg6+ Qf7 23. Qxf7+ Kxf7) 22. Qxc8+ {White is clearly winning.} Kf7 23. f4 Qb6+ 24. Kh1 Rc7 25. Qd8 {Precision: White = 64%, Black = 22%.} 1-0

[Event "19th Bangkok Open 2019"]
[Site "Bangkok"]
[Date "2019.04.13"]
[Round "8.2"]
[White "Sengupta, Deep"]
[Black "Short, Nigel D"]
[Result "1-0"]
[WhiteElo "2551"]
[BlackElo "2636"]
[Annotator "TA"]
[PlyCount "115"]
[EventDate "2019.04.06"]
[EventType "swiss"]
[EventCountry "THA"]
[SourceTitle "playchess.com"]
[Source "ChessBase"]
[SourceQuality "1"]

{[%evp 12,115,37,11,24,28,33,31,31,28,33,31,40,39,41,27,37,37,34,24,32,29,42,0,0,0,0,0,0,0,-8,-14,-10,-16,-6,-23,0,-1,-1,-4,17,20,31,47,19,0,18,10,19,6,23,0,14,22,22,0,166,172,171,174,171,155,183,177,173,79,122,127,191,185,199,200,194,197,284,286,282,280,273,272,263,264,325,335,300,308,323,351,351,343,416,393,552,448,541,450,425,407,355,355,515,508,660,652,605,585]} 1. e4 e5 2. Nf3 Nc6 3. Bb5 a6 4. Ba4 Nf6 5. d3 d6 6. c3 Bd7 7. O-O h6 {C79: Ruy Lopez: Steinitz-type lines with 3...a6 4 Ba4 Nf6 5 0-0 d6} (7... g6 8. Nbd2 Bg7 9. Re1 O-O 10. Nf1 Qe8 11. Bb3 Kh8 12. Ng3 Na5 13. Bc2 c5 14. d4 cxd4 15. cxd4 Qe7 16. b3 Nc6 17. Ba3 exd4 18. e5 Ne8 19. exd6 Qd8 20. Bd3 {0-1 (71) Tukhaev,A (2527)-Kamsky,G (2666) St Petersburg 2018}) 8. Re1 Ne7 9. d4 Ng6 {White is slightly better.} 10. Nbd2 {[%cal Bb1d2,Bd2f1,Bf1g3][%mdl 32]} Be7 $146 ({Predecessor:} 10... b5 11. Bc2 Be7 12. Nf1 O-O 13. Ne3 c5 14. d5 Kh7 15. Nf5 {0-1 (39) Bunk,W (2040)-Appel,H (2244) Regensburg 2004}) 11. Nf1 Bxa4 12. Qxa4+ Qd7 13. Qb3 O-O 14. Ng3 Rfe8 15. h3 b5 16. a4 exd4 17. Nxd4 {[%cal Ra4b5]} c5 18. Ndf5 Bf8 19. axb5 axb5 20. Rxa8 Rxa8 21. c4 bxc4 22. Qxc4 Qe6 23. Qc3 Rb8 24. Bd2 Ne5 25. Qc2 h5 26. Bc3 g6 27. f4 Nc6 28. Nh4 {Black must now prevent f5.} Nd4 29. Qf2 Bg7 30. f5 $36 {[%mdl 2048] Black is under pressure.} Qe8 $1 31. Nf3 ({But not} 31. Bxd4 $2 Ng4 $19) 31... Nxf3+ 32. Qxf3 {[#] fxg6 is the strong threat.} Nd7 33. f6 Ne5 $2 (33... Bf8 $11) 34. Bxe5 $1 $18 Qxe5 35. fxg7 Rxb2 36. Rf1 Rb7 37. Ne2 Kxg7 38. Qc3 (38. Nc3 $18 {and White stays clearly on top.}) 38... Qxc3 39. Nxc3 $16 {[%mdl 4096] Endgame KRN-KR} Rb4 (39... Rb3 $16) 40. Rd1 $18 Rc4 41. Rd3 Kf8 42. Kf2 h4 (42... Ke7 {might work better.} 43. Ke3 h4) 43. Kf3 Ke7 44. Nd5+ Ke6 {[#]} 45. Nc7+ $1 Ke7 46. Nb5 Rb4 47. Nxd6 c4 48. Nc8+ Ke6 49. Rd6+ Ke5 {intending ...Rb3+.} 50. Rd5+ Ke6 51. Kf4 {[%csl Gc8][%cal Rd5d6]} f6 (51... g5+ {keeps fighting.} 52. Kxg5 Rb2) 52. Rd6+ Kf7 53. Rc6 Rb2 54. Kf3 Rb3+ 55. Kf2 c3 (55... Rb2+ {was worth a try.} 56. Kf3 Rb3+ 57. Kg4 Rg3+ 58. Kxh4 Rxg2 59. Rc7+ Ke8) 56. Nb6 {White is clearly winning.} c2 57. Nd5 Rb2 58. Kf3 {Accuracy: White = 74%, Black = 50%.} 1-0

[Event "19th Bangkok Open 2019"]
[Site "Bangkok"]
[Date "2019.04.13"]
[Round "8.3"]
[White "Pascua, Haridas"]
[Black "Lalith Babu M R"]
[Result "1-0"]
[WhiteElo "2426"]
[BlackElo "2577"]
[Annotator "TA"]
[PlyCount "65"]
[EventDate "2019.04.06"]
[EventType "swiss"]
[EventCountry "THA"]
[SourceTitle "playchess.com"]
[Source "ChessBase"]
[SourceQuality "1"]

{[%evp 16,65,64,62,50,46,64,62,53,44,41,29,31,24,39,10,48,16,29,16,70,51,61,50,45,48,111,88,88,96,173,145,499,493,487,471,664,656,538,534,466,508,476,410,29986,29987,29987,29988,29988,29989,29996,29997]} 1. d4 g6 2. c4 Bg7 3. Nc3 d6 4. Nf3 Bg4 5. e3 Nf6 6. Be2 O-O 7. h3 Bf5 {E61: King's Indian: Early deviations for White, including Smyslov System} 8. O-O Nc6 9. d5 {LiveBook: 3 Games} Nb8 {[%cal Bc6b8,Bb8a6,Ba6b4][%mdl 32] White is slightly better.} 10. Nd4 {[%cal Bf3d4,Bd4c2,Bc2e1,Be1d3][%mdl 32]} Bd7 11. e4 e5 12. Nc2 $146 ({Predecessor:} 12. Nb3 Qe7 13. Be3 b6 14. Nd2 a5 15. Qc2 {½-½ (41) Stohl,I (2555)-Gazik,I (2455) Stary Smokovec 1991}) 12... a5 13. Ne1 Na6 14. Nd3 c6 15. a4 Nb4 16. Be3 c5 17. Qd2 Qb6 (17... Ne8 $11) 18. g4 Ne8 19. Kh2 Qd8 20. Rg1 f5 (20... Nxd3 $14 21. Bxd3 (21. Qxd3 Qh4 $14) 21... Nc7) 21. gxf5 $16 gxf5 {Threatening ...f4.} 22. Bg5 Nf6 {[#]} (22... Qc7 $16 {was worth a try.}) 23. f4 $1 $18 {[%cal Rf4e5]} fxe4 $2 {[%mdl 8192]} (23... Qe7 $16 {is tougher.}) 24. fxe5 exd3 25. exf6 Rxf6 (25... dxe2 $142 26. f7+ Kh8) 26. Ne4 Kh8 27. Bh4 {Strongly threatening Rxg7.} (27. Bxf6 Bxf6 28. Bxd3 Be5+ 29. Kh1 Bxh3 $16) 27... Qe8 28. Rxg7 (28. Nxf6 Qe5+ 29. Rg3 Bxf6 $18) ({Not} 28. Bxf6 Bxf6 29. Nxf6 Qe5+ 30. Kh1 Qxf6 $18) 28... Qe5+ 29. Rg3 Rf4 {[#]} (29... Rg6 $18 30. Bf3 Nc2) 30. Qxf4 $1 {[%mdl 512] White mates.} Qxf4 31. Bf6+ Qxf6 32. Nxf6 dxe2 33. Rag1 {Precision: White = 71%, Black = 33%.} 1-0

[Event "19th Bangkok Open 2019"]
[Site "Bangkok"]
[Date "2019.04.13"]
[Round "8.4"]
[White "Lou, Yiping"]
[Black "Karthik Venkataraman"]
[Result "1/2-1/2"]
[WhiteElo "2482"]
[BlackElo "2505"]
[Annotator "TA"]
[PlyCount "85"]
[EventDate "2019.04.06"]
[EventType "swiss"]
[EventCountry "THA"]
[SourceTitle "playchess.com"]
[Source "ChessBase"]
[SourceQuality "1"]

{[%evp 15,85,38,37,39,51,12,12,12,10,10,15,14,12,0,26,34,27,29,28,24,52,40,78,77,68,0,0,0,0,0,0,0,0,0,0,0,0,0,0,0,0,0,0,0,236,255,247,245,125,223,305,18,22,0,289,0,24,0,290,268,274,103,102,101,88,29,29,20,71,91,242,0]} 1. d4 Nf6 2. c4 g6 3. Nc3 d5 4. Bg5 Bg7 5. Nf3 Ne4 6. Bf4 c6 {D91: Grünfeld: 4 Nf3 Bg7 5 Bg5} (6... O-O 7. e3 c5 8. cxd5 Nxc3 9. bxc3 Qxd5 10. Be2 cxd4 11. cxd4 Qa5+ 12. Qd2 Nc6 13. Qxa5 Nxa5 14. Kd2 Be6 15. Rhc1 Rfc8 16. Bd3 Rxc1 17. Kxc1 Rc8+ 18. Kd2 Bd5 19. e4 Bc4 20. Rc1 b5 {½-½ (48) So,W (2780)-Wei,Y (2729) chess.com INT 2018}) 7. e3 Qa5 8. Qb3 O-O {LiveBook: 4 Games. White is slightly better.} 9. cxd5 Nxc3 $1 10. Qxc3 (10. bxc3 {keeps more tension.} cxd5 11. Bd3 Nd7 12. O-O Nb6 13. Rfc1) 10... Qxc3+ 11. bxc3 cxd5 12. c4 dxc4 $146 ({Predecessor:} 12... Nc6 13. cxd5 Nb4 {1-0 (59) Bielicki,C-Wexler,B Mar del Plata 1961}) 13. Bxc4 Nc6 14. Ke2 Na5 15. Bd3 Be6 16. Bc7 Nc6 17. Rab1 Bxa2 18. Rxb7 a5 19. Be4 Nb4 20. Bxa5 ({White should play} 20. Nd2 $1 $14) 20... Bc4+ $11 21. Kd2 Rxa5 22. Rxb4 Ra2+ 23. Bc2 Rc8 24. Rhb1 {[#]} Bb3 $1 {[%mdl 512]} 25. R1xb3 Rcxc2+ 26. Kd3 {Threatens to win with Rb8+.} f6 27. Rb8+ Kf7 28. d5 {[%cal Bd4d5,Bd5d6][%mdl 32]} Rxf2 29. d6 $36 {[%mdl 2048] Black must now prevent d7. Black is under pressure.} Rf1 $2 (29... Ra6 $1 $11 30. dxe7 Re6) 30. dxe7 $18 {[%csl Gb8][%cal Re7e8]} Rd1+ 31. Ke4 $1 {[%csl Gb8][%cal Re7e8]} f5+ 32. Kf4 Kxe7 33. R8b7+ $2 (33. R3b7+ $18 Kf6 34. Rc8 g5+ 35. Kg3) 33... Kf8 $11 34. Rb8+ $2 {[%mdl 8192]} (34. Rc7 $11 Bf6 35. Rxh7) 34... Ke7 $18 35. R8b7+ $2 (35. R3b7+ $18 Kf6 36. Rc8) 35... Kf8 $11 36. Rb8+ $2 {[%mdl 8192]} (36. Rc7 $11 Bf6 37. Rb6) 36... Ke7 $18 37. R3b7+ Kf6 38. Rb6+ $2 (38. Kg3 $18 {has better winning chances.}) 38... Ke7 $16 39. R8b7+ $1 Kf8 {[#]} 40. Rc7 ({Better is} 40. Ng5 $1 $16 {[%cal Rg5e6]} Bh6 41. h4 (41. Rxh7 Ra4+ 42. Kg3 Bxg5 $11) 41... Bxg5+ 42. hxg5) 40... Rd8 $11 41. Rbb7 Ba1 (41... Bh6+ $11 {keeps the balance.} 42. Kg3 Kg8) 42. Rxh7 $16 Rxg2 $2 {[#]} (42... Kg8 $16 {is a better defense.}) 43. Nd4 $2 {Accuracy: White = 46%, Black = 53%.} (43. Ne5 $1 $18 {[%cal Rh7h8]} Rf2+ 44. Kg3 Bxe5+ 45. Kxf2) 1/2-1/2

[Event "19th Bangkok Open 2019"]
[Site "Bangkok"]
[Date "2019.04.13"]
[Round "8.5"]
[White "Villamayor, Buenaventura"]
[Black "Swapnil, S. Dhopade"]
[Result "0-1"]
[WhiteElo "2398"]
[BlackElo "2488"]
[Annotator "TA"]
[PlyCount "76"]
[EventDate "2019.04.06"]
[EventType "swiss"]
[EventCountry "THA"]
[SourceTitle "playchess.com"]
[Source "ChessBase"]
[SourceQuality "1"]

{[%evp 11,76,0,9,6,6,0,0,-7,0,0,0,0,0,-41,-33,-29,-35,-36,-17,-17,-15,0,0,0,-14,-18,-7,-80,-80,-112,-115,-114,-94,-110,-97,-104,-112,-117,-64,-207,-205,-146,-150,-198,-208,-179,-179,-187,-214,-247,-277,-272,-247,-312,-339,-337,-334,-334,-313,-848,-848,-838,-803,-955,-865,-833,-737]} 1. c4 c5 2. g3 g6 3. Bg2 Bg7 4. Nc3 Nc6 5. Nf3 d6 6. O-O Bf5 7. d3 {A37: Symmetrical English vs ...g6: 4 Bg2 Bg7 5 Nf3} (7. h3 Qd7 8. Kh2 e5 9. d3 h6 10. a3 Nge7 11. Rb1 a5 12. Nd2 O-O 13. Nde4 Kh7 14. Bd2 Be6 {0-1 (87) Harikrishna,P (2725)-Ragger,M (2687) St Petersburg 2018}) 7... Qd7 8. Nd5 Nf6 9. Bg5 {The position is equal.} Nxd5 $146 ({Predecessor:} 9... O-O 10. Qd2 Rfe8 11. Bxf6 exf6 12. e3 Ne7 13. Nf4 Bh6 14. d4 Rad8 {½-½ (25) Morley,P (2327)-Yloenen,O (2455) ICCF email 2012}) 10. cxd5 Nd4 11. Nxd4 Bxd4 12. Bh6 Bxb2 13. Rb1 Bf6 14. e4 Bg4 15. f3 $1 {[%cal Rf3g4]} Bd4+ 16. Kh1 Bh3 17. Bxh3 Qxh3 18. Qa4+ Kd8 19. Bd2 (19. Rfe1 $11 {remains equal.} Qh5 20. Kg2 Qxh6 21. Rxb7 Qd2+ {[%mdl 64] Double Attack} 22. Kh3 Qh6+ 23. Kg2 Qd2+ {[%mdl 64] Double Attack} 24. Kh3 Qh6+ 25. Kg2) 19... b6 $1 $17 20. g4 h5 $36 {[%mdl 2048] Black has strong initiative.} 21. g5 Qd7 (21... Rf8 {seems wilder.} 22. Rbc1 Qd7 23. Qb3 e6 24. Kg2 Rc8) 22. Qc4 Rb8 23. a4 Rf8 24. f4 f5 (24... e6 $17 25. Qb3 h4) 25. Bc3 ({White should play} 25. Rbe1 $15) 25... Bxc3 $19 26. Qxc3 fxe4 ({Don't play} 26... Qxa4 27. Ra1 $15) 27. dxe4 Qxa4 28. Rbe1 Qd4 29. Qh3 Kc7 30. Qe6 Qg7 31. f5 {[#]} Qf7 $1 32. f6 Qxe6 33. dxe6 {[%mdl 4096] Endgame KRR-KRR} a5 {[%cal Ba7a5,Ba5a4][%mdl 32]} 34. Ra1 Ra8 35. fxe7 $2 (35. Rad1 Kc6 36. Kg2) 35... Rxf1+ {Black is clearly winning.} 36. Rxf1 {[#]} Re8 $1 37. Rf6 a4 38. Rf8 Rxe7 {Accuracy: White = 34%, Black = 70%.} 0-1

[Event "19th Bangkok Open 2019"]
[Site "Bangkok"]
[Date "2019.04.13"]
[Round "8.6"]
[White "Vasquez Schroeder, Rodrigo"]
[Black "Schebler, Gerhard"]
[Result "1/2-1/2"]
[WhiteElo "2487"]
[BlackElo "2385"]
[Annotator "ChessBase"]
[PlyCount "90"]
[EventDate "2019.04.06"]
[EventType "swiss"]
[EventCountry "THA"]
[SourceTitle "playchess.com"]
[Source "ChessBase"]
[SourceQuality "1"]
[TimeControl "40/5400+30:1800+30"]

1. d4 {[%emt 0:01:04]} Nf6 {[%emt 0:02:02]} 2. c4 {[%emt 0:00:09]} g6 {[%emt 0:00:38]} 3. g3 {[%emt 0:01:34]} c5 {[%emt 0:00:28]} 4. Nf3 {[%emt 0:00:16]} cxd4 {[%emt 0:00:35]} 5. Nxd4 {[%emt 0:00:14]} Bg7 {[%emt 0:00:51]} 6. Bg2 {[%emt 0:00:09]} O-O {[%emt 0:00:13]} 7. Nc3 {[%emt 0:00:28]} Nc6 {[%emt 0:00:03]} 8. O-O {[%emt 0:00:50]} Qa5 {[%emt 0:00:02]} 9. e3 {[%emt 0:09:45]} d6 {[%emt 0:00:24]} 10. Qe2 {[%emt 0:09:32]} Bg4 {[%emt 0:05:36]} 11. Qd2 {[%emt 0:06:35]} Rfc8 {[%emt 0:04:30]} 12. b3 {[%emt 0:03:52]} Rab8 {[%emt 0:06:19]} 13. h3 {[%emt 0:03:48]} Bd7 {[%emt 0:00:10]} 14. Nde2 {[%emt 0:01:03]} a6 {[%emt 0:01:40]} 15. a3 {[%emt 0:24:10]} b5 {[%emt 0:03:18]} 16. b4 {[%emt 0:01:44]} Qb6 {[%emt 0:08:43]} 17. cxb5 {[%emt 0:00:26]} axb5 {[%emt 0:11:36]} 18. f4 {[%emt 0:00:34]} Be6 {[%emt 0:05:12]} 19. Bb2 {[%emt 0:00:22]} Bc4 {[%emt 0:00:06]} 20. Kh2 {[%emt 0:00:32]} d5 {[%emt 0:00:58]} 21. Rfc1 {[%emt 0:01:43]} Rd8 {[%emt 0:00:47]} 22. Nd1 {[%emt 0:02:17]} Ne4 {[%emt 0:07:50]} 23. Qc2 {[%emt 0:00:18]} e5 {[%emt 0:00:17]} 24. fxe5 {[%emt 0:01:58]} Nxe5 {[%emt 0:00:59]} 25. Bd4 {[%emt 0:01:06]} Qd6 {[%emt 0:00:11]} 26. Nf4 {[%emt 0:00:13]} Nxg3 {[%emt 0:25:08]} 27. Bc5 {[%emt 0:06:17]} Qc7 {[%emt 0:00:52]} 28. Kxg3 {[%emt 0:01:39]} Nd3 {[%emt 0:00:49]} 29. h4 {[%emt 0:03:23]} d4 {[%emt 0:03:54]} 30. Be4 {[%emt 0:02:31]} Nxc5 {[%emt 0:00:28]} 31. bxc5 {[%emt 0:00:24]} d3 {[%emt 0:04:36]} 32. Qd2 {[%emt 0:00:37]} Bxa1 {[%emt 0:00:08]} 33. Rxa1 {[%emt 0:00:07]} Qe5 {[%emt 0:00:06]} 34. Nc3 {[%emt 0:00:15]} h6 {[%emt 0:00:27]} 35. Kf2 {[%emt 0:00:25]} Qxc5 {[%emt 0:01:40]} 36. Bf3 {[%emt 0:00:18]} Rb6 {[%emt 0:00:40]} 37. Ne4 {[%emt 0:00:39]} Qe5 {[%emt 0:00:38]} 38. Qa5 {[%emt 0:01:33]} Rbb8 {[%emt 0:02:30]} 39. Qc3 {[%emt 0:01:05]} Qxc3 {[%emt 0:00:26]} 40. Nxc3 {[%emt 0:00:00]} b4 {[%emt 0:00:00]} 41. axb4 {[%emt 0:00:27]} Rxb4 {[%emt 0:00:54]} 42. e4 {[%emt 0:07:23]} d2 {[%emt 0:08:00]} 43. Nfd5 {[%emt 0:02:52]} Bxd5 {[%emt 0:04:07]} 44. Nxd5 {[%emt 0:01:32]} Rb2 {[%emt 0:01:48]} 45. Ke2 {[%emt 0:04:42]} Kg7 {[%emt 0:01:23]} 1/2-1/2

[Event "19th Bangkok Open 2019"]
[Site "Bangkok"]
[Date "2019.04.13"]
[Round "8.7"]
[White "Roy, Prantik"]
[Black "Kunte, Abhijit"]
[Result "1/2-1/2"]
[WhiteElo "2374"]
[BlackElo "2485"]
[Annotator "TA"]
[PlyCount "24"]
[EventDate "2019.04.06"]
[EventType "swiss"]
[EventCountry "THA"]
[SourceTitle "playchess.com"]
[Source "ChessBase"]
[SourceQuality "1"]

{[%evp 15,24,-7,-1,0,-17,-29,-15,-34,0,-39,-18]} 1. d4 Nf6 2. Bg5 d5 3. Bxf6 exf6 4. e3 Bd6 5. c4 dxc4 6. Bxc4 O-O 7. Nc3 f5 8. Nf3 Nd7 {[%cal Bb8d7,Bd7f6,Bf6d5][%mdl 32]} 9. Qc2 {D00: 1 d4 d5: Unusual lines} (9. O-O c6 10. Qc2 Nf6 11. a3 Qe7 12. b4 Bd7 13. Bd3 g6 14. Na4 Rad8 15. Nc5 Bc8 16. Bc4 Kg7 17. Rab1 Ne4 {½-½ (50) Korobov,A (2715)-Leko,P (2737) Kiev 2013}) 9... Nf6 10. O-O-O Qe7 11. h3 Bb4 $146 ({Predecessor:} 11... a6 12. g4 b5 13. Nd5 Qd8 14. Nxf6+ Qxf6 15. Bd5 Rb8 16. Rdg1 Be6 {0-1 (32) Valles Moreno,I (2366)-Almagro Llamas,P (2472) Madrid 2011}) 12. Nd5 Nxd5 1/2-1/2